• 首页
  • 本馆介绍
  • 公告通知
  • 最新文献
  • 馆藏检索
  • 电子资源
  • 读者导购
  • 参考咨询
  • 我的图书馆
  • 登录
  • 详细信息显示
  • 放入我的书架
  • 预约/预借图书
  • 作者相关作品
  • 分类相关作品
  • 丛书相关作品
  • 出版社相关作品

书目信息

  • 表格格式
  • 工作单格式
  • 卡片格式
题名:
东坡志林
    
 
作者: 苏轼 著 ;韩中华 译评
分册:  
出版信息: 北京   北京理工大学出版社  2017
页数: 375页
开本: 22cm
丛书名:
单 册:
中图分类: K244.066 , K244
科图分类:
主题词: 中国历史--笔记--北宋 , 中国历史--史料--北宋
电子资源:
ISBN: 978-7-5682-3397-2
000 00680nam0 2200241 450
001 2368215030
005 20231209223524.99
010    @a978-7-5682-3397-2@b精装@dCNY68.00
100    @a20170619d2017 em y0chiy50 ea
101 0  @achi
102    @aCN@b110000
105    @aa z 000yy
200 1  @a东坡志林@Adong po zhi lin@f(宋)苏轼著@g韩中华译评
210    @a北京@c北京理工大学出版社@d2017
215    @a375页@c图@d22cm
606 0  @a中国历史@x笔记@z北宋
606 0  @a中国历史@x史料@z北宋
690    @aK244.066@v5
690    @aK244@v4
701  0 @c(宋)@a苏轼@Asu shi@4著
702  0 @a韩中华@Ahan zhong hua@4译评
801  0 @aCN@b91MARC@c20170619
905    @aZUCC@dK244@e1
    
    东坡志林/(宋)苏轼著/韩中华译评.-北京:北京理工大学出版社,2017
    375页:图;22cm
    
    
    ISBN 978-7-5682-3397-2(精装):CNY68.00
    
●
相关链接 在五车中查询图书 在当当中查询图书 在豆瓣中查询图书


正题名:东坡志林     索取号:K244/1         预约/预借

序号 登录号 条形码 馆藏地/架位号 状态 备注
1 2001036849   2001036849   315书库/四34架A面3层6列/ [索取号:K244/1] 在馆    
2 2001036850   2001036850   315书库/四34架A面3层6列/ [索取号:K244/1] 在馆    
3 2001036851   2001036851   315书库/四34架A面3层6列/ [索取号:K244/1] 在馆    
4 2001036852   2001036852   315书库/四34架A面3层6列/ [索取号:K244/1] 在馆    
5 2001036853   2001036853   315书库/四34架A面3层6列/ [索取号:K244/1] 在馆    
6 2001036854   2001036854   315书库/四34架A面3层6列/ [索取号:K244/1] 在馆    
山东省滨州职业学院图书馆 欢迎您!
大连网信软件有限公司© 版权所有